| 000 | 00495nam a2200169Ia 4500 | ||
|---|---|---|---|
| 020 | _a4762294926 | ||
| 040 | _cHNI | ||
| 082 | _a574 JAP 1987 A109 Or. | ||
| 245 | 0 | 0 | _aIron-sulfur protein research / |
| 260 | 0 |
_aToyko : _bJapan Scientific Societies Press ; _aBerlin ; _aNew York : _bSpringer-Verlag, _cc1987 |
|
| 300 |
_axi, 329 p. : _bill. ; _c24 cm |
||
| 650 | 0 | _aIron-sulfur proteins | |
| 700 | 1 | 0 | _aMatsubara, Hiroshi, |
| 700 | 1 | 0 | _aKatsube, Yuriteru |
| 700 | 1 | 0 | _aWade, Keishiro |
| 942 | _cEK | ||
| 999 |
_c16549 _d16549 |
||